Cálculo diferencial e integral; el número real /
Guardado en:
| Autor Principal: | |
|---|---|
| Formato: | Libro |
| Publicado: |
Buenos Aires :
Docencia,
1979
|
| Materias: | |
| Etiquetas: |
Agregar Etiqueta
Sin Etiquetas, Sea el primero en etiquetar este registro!
|
| LEADER | 00558nam a22002055a 4500 | ||
|---|---|---|---|
| 001 | CEM.cems004682 | ||
| 005 | 20060217000000.0 | ||
| 008 | 130507s1979##################000#0#####d | ||
| 003 | CEMS | ||
| 082 | 0 | 4 | |a 517 |
| 100 | 1 | |a Noriega, Ricardo J. | |
| 245 | 1 | 0 | |a Cálculo diferencial e integral; el número real / |
| 260 | |a Buenos Aires : |b Docencia, |c 1979 | ||
| 300 | |a 60 p. | ||
| 653 | |a Derivadas | ||
| 653 | |a Integrales | ||
| 653 | |a Matematica | ||
| 653 | |a Numeros reales | ||
| 653 | |a Primitivas | ||
| 859 | |a CEMS |b BIB. CEMS - 11 de abril |h 517 |i N774-2 |p 12894.84 |t Ej.1 | ||
